MDQL
is popping MORE tags! Check the
thread
!
Quizzes
Events
Quiz Creation
Community
Videos
Private Events
Remove Ads
Sign In
Join for FREE
Feedback
Dark Mode
Quiz Categories
Sports
Geography
Music
Movies
Television
Just For Fun
Miscellaneous
History
Literature
Language
Science
Gaming
Entertainment
Religion
Holiday
For Kids
Quiz Lab
Recent
Popular Today
Quiz Kudos Today
Editor Picks
Curator Picks
Quizzes by...
Day
Popularity
Type
Ratings
Length
Year
Community
Subscriptions
Recent Discussions
Orange Saloon
Badges
Playlists
Quests
Create
Leaderboards
Showdown
Live 5
Trivia Bingo
Activity
Puzzle Library
Sporcle Events
Private Events
Virtual Trivia
Globe League
Become a Host
Pub Owners
SporcleCon
Opinionation
Our Games
Videos
Blog
Mobile Apps
Partnerships
Remove Ads and Go Orange
Feedback
Gaming
Video Games
Board Games
Card Games
Pokémon
Mario
Nintendo
Minecraft
Console
Toys
Legend of Zelda
Gaming
Video Games
Board Games
Card Games
Pokémon
Mario
Nintendo
Minecraft
Console
Toys
Legend of Zelda
Random Quiz
Search Sporcle
×
Quiz Lab
Quiz Lab
Gaming
Pokémon
Type in answers that appear in a list
Type in answers that appear in a list
Classic
Best Score? Go Orange.
All Poison-Type Pokémon Moves Stats
Can you name the All Poison-Type Pokémon Moves?
By
Sai_rox
7m
27 Questions
82 Plays
82 Plays
82 Plays
Comments
Comments
Give Quiz Kudos
Give Quiz Kudos
-
- Ratings
hide this ad
Replay
Link that replays current quiz
Next Quiz
Link to next quiz in quiz playlist
You Got
0%
They Got
Avg Score
75%
Avg Friend Score
Upgrade to see
Score Distribution
Jump to the score distribution portion of the page
Score
0/27
Timer
07:00
0
Plays Today
PP Usage
Move Name
% Correct
20
Cross Poison
100%
10
Toxic
96.3%
35
Poison Sting
95.1%
20
Sludge
92.7%
30
Acid
91.5%
10
Gastro Acid
91.5%
15
Poison Fang
89%
10
Sludge Bomb
89%
20
Acid Armor
86.6%
20
Toxic Spikes
86.6%
10
Venoshock
85.4%
40
Poison Gas
84.1%
15
Clear Smog
79.3%
20
Poison Jab
78%
PP Usage
Move Name
% Correct
10
Sludge Wave
78%
5
Gunk Shot
72%
20
Coil
70.7%
10
Belch
69.5%
25
Poison Tail
69.5%
10
Baneful Bunker
68.3%
20
Smog
68.3%
1 (Z-
Move)
Acid Downpour
65.9%
20
Acid Spray
63.4%
20
Venom Drench
61%
20
Toxic Thread
46.3%
20
Purify
39%
35
Poison Power
23.2%
Quiz Playlist
Details
Report
Send in Message
Add To Playlist
Classic:
Type in answers that appear in a list
Last Updated: Mar 26, 2017
Quiz Scoreboard
CHALLENGE
Sign Up to Join the Scoreboard
Show All
Scores
Hide
Comments
May contain spoilers
Recently Published
Two Season TV Shows II
by 123Four
Television
10m
Image Sorting: Flags VI
by Barbecue
Geography
2m
Find the 'City' Movie
by crazypaving
Movies
60s
More to Explore
Quiz From the Vault
Featured Blog Post
14 Easter Pick-up Lines to Find Eggs With
hide this ad
You Might Also Like...
Tags
Pokémon Quiz
effect
opponent
Poison Pokémon
Pokémon Moves
usage
Today's Top Quizzes in Gaming
Browse Gaming
hide this ad
Today's Top Quizzes in Pokémon
Browse Pokémon
Top Contributed Quizzes in Gaming
1
League of Legends Pro Players by Career/Team History
2
Destiny 2 exotic weapons by perk icons
3
Genshin Impact Logic Puzzle
4
Genshin murder mystery
5
Dead By Daylight Logic Puzzle
6
4x4 Decades: Video Games
7
Ultimate Genshin Impact Logic Puzzle (up to 4.3)
8
Overwatch Logic Puzzle
9
Who's on the WWE 2K24 Cover?
10
Overwatch 2: Ultimate Ability Icons
Explore More
Trending Topics
Disney
NBA
Harry Potter
Marvel
Crossword
Kpop
Anime
Country
Puzzle
Pokémon
Soccer
Song
NFL
The Office
WWE
hide this ad
More By:
Sai_rox
Quiz
Plays
Rating
Category
Featured
Created
Pokémon XYZ Theme Song Lyrics (Season #1)
158
4.00
Television
Feb 26, 2017
How I Met Your Mother - All 38 Women Ted Mosby Dated
121
3.00
Television
Apr 2, 2017
All Pokémon Abilities
103
5.00
Gaming
Mar 30, 2017
Pokémon Starting With 'A'
91
5.00
Gaming
Mar 27, 2017
All Grass-Type Pokémon Moves
90
Gaming
Mar 27, 2017
Go to Creator's Profile
Score Distribution
Quiz Creator Spotlight
Sai_rox
Follow
Send a Message
Quizzes Created
-
Created Quiz Play Count
-
More By This Creator
Popular Quizzes Today
1
Find the US States - No Outlines Minefield
2
Colored Red Africa Blitz
3
Find the 'City' Movie
4
5x2 Blitz: Bands
5
The Countries of the World
6
Find the Countries of Europe - No Outlines Minefield
7
Find the US States
8
US States
More Gaming Quizzes
World of Warcraft: Human Classes
Quiz Lab
Trending Quizzes
Colored Red Europe Blitz I
Colored Red Africa Blitz II
Colored Red Europe Blitz II
Colored Red Africa Blitz III
Colored Red Europe Blitz III
Recently Updated
How Do You Spell That?
pecheneg
Godzilla Movies
pecheneg
Grab Bag: 4-10 Letters
pecheneg
2024 March Madness Bracket
pecheneg
Famous TV Couples
Peacemaker
Champions League XIs: Real Madrid
pecheneg
Largest US Cities 1790-2010
pecheneg
Rides in Walt Disney World
pecheneg
Most Oscar Losses (Acting)
pecheneg
Beyoncé Albums
pecheneg
Trending Topics
Marvel
Kpop
Harry Potter
Crossword
Anime
NBA
Disney
WWE
The Office
Song
NFL
Puzzle
Soccer
Country
Pokémon
Your Account Isn't Verified!
In order to create a playlist on Sporcle, you need to verify the email address you used during registration. Go to your
Sporcle Settings
to finish the process.
Report this User
Report this user for behavior that violates our
Community Guidelines
.
Details:
Send Report
Go to the Sporcle.com Mobile Site →
Comments